A ride to Khiva / (Record no. 24175)
[ view plain ]
| 000 -LEADER | |
|---|---|
| fixed length control field | 00800cam a2200277 4500 |
| 001 - CONTROL NUMBER | |
| control field | 24175 |
| 003 - CONTROL NUMBER IDENTIFIER | |
| rucl marc code | BD-RjUL |
| 005 - DATE AND TIME OF LATEST TRANSACTION | |
| control field | 20211209001022.0 |
| 008 - FIXED-LENGTH DATA ELEMENTS--GENERAL INFORMATION | |
| fixed length control field | 140312r1976 u 000 0 eng |
| 020 ## - INTERNATIONAL STANDARD BOOK NUMBER | |
| International Standard Book Number | 040503010X |
| 035 ## - SYSTEM CONTROL NUMBER | |
| System control number | (BD-RjUL)24241 |
| 040 ## - CATALOGING SOURCE | |
| Original cataloging agency | DLC |
| Transcribing agency | DLC |
| Modifying agency | DLC |
| Language of cataloging | eng |
| 041 ## - LANGUAGE CODE | |
| Language code of text/sound track or separate title | eng |
| 082 00 - DEWEY DECIMAL CLASSIFICATION NUMBER | |
| Classification number | 915.85 |
| Author mark and year | BUR 1876 |
| 100 1# - MAIN ENTRY--PERSONAL NAME | |
| Personal name | Burnaby, Fred, |
| Dates associated with a name | 1842-1885. |
| 9 (RLIN) | 74472 |
| 245 12 - TITLE STATEMENT | |
| Title | A ride to Khiva / |
| Statement of responsibility, etc. | Fred Burnaby |
| 260 ## - PUBLICATION, DISTRIBUTION, ETC. (IMPRINT) | |
| Place of publication, distribution, etc. | London : |
| Name of publisher, distributor, etc. | cassell petter & galpin, |
| Date of publication, distribution, etc. | 1876. |
| 300 ## - PHYSICAL DESCRIPTION | |
| Pagination | 487 p. ; |
| Size | 23 cm. |
| 490 0# - SERIES STATEMENT | |
| Series statement | Russia observed |
| 500 ## - GENERAL NOTE | |
| General note | Reprint of the 1877 ed. |
| 651 #0 - SUBJECT ADDED ENTRY--GEOGRAPHIC NAME | |
| Geographic name | Khiva (Uzbekistan) |
| General subdivision | Description and travel. |
| 9 (RLIN) | 74473 |
| Geographic name | Asia, Central |
| General subdivision | Description and travel. |
| 9 (RLIN) | 67297 |
| 942 ## - ADDED ENTRY ELEMENTS (KOHA) | |
| Source of classification or shelving scheme | Dewey Decimal Classification |
| Koha item type | Books |
| Lost status | Source of classification or shelving scheme | Damaged status | Not for loan | Collection code | Permanent Location | Current Location | Shelving location | Date acquired | Total Checkouts | Full call number | Date last seen | Copy number | Koha item type |
|---|---|---|---|---|---|---|---|---|---|---|---|---|---|
| Dewey Decimal Classification | Added to bundle | Non-fiction | Central Library, University of Rajshahi | Central Library, University of Rajshahi | Reading Room | 12/03/2014 | 915.85 BUR 1876 | 12/03/2014 | C-1 | Books |